000 00544nam a22001817a 4500
003 UA-OsUOA
001 8051
007 ta
008 20040726b un ||||| |||| 00| 0 ukr d
100 _aЗейкан І.
942 _cSA
040 _aUA-OsUOA
_cUA-OsUOA
_dUA-OsUOA
245 _aКваліфікація дій службової особи фіктивного підприємства
300 _aС.77-79
955 _a0
773 0 _w0
_tПраво України
_dКиїв
_d2004
_gN7
650 7 _aКримінальне право
_2UDC
999 _c294212
_d294212